000 00448nam a2200193Ia 4500
008 170918s9999 xx 000 0 und d
020 _a9780439791656
050 _bS528 2004
100 _aShannon, David
245 _aAlice the fairy /
245 _cby David Shannon.
260 _aNew York :
260 _bScholastic,
260 _c2004
300 _aunpaged :
300 _bcolored illustration ;
300 _c28cm.
500 _a510
999 _c341722
_d341722